[Event "FIDE Zonal 2.5 Open 2019"]
[Site "Montevideo"]
[Date "2019.04.18"]
[Round "8.10"]
[White "Larrea, Manuel"]
[Black "Adasme Fredes, Mauricio"]
[Result "1-0"]
[WhiteElo "2230"]
[BlackElo "2086"]
[Annotator "ChessBase"]
[PlyCount "71"]
[EventDate "2019.04.13"]
[EventType "swiss"]
[EventCountry "URU"]
[SourceTitle "playchess.com"]
[Source "ChessBase"]
[SourceQuality "1"]
[TimeControl "40/5400+30:1800+30"]

1. e4 {[%emt 0:00:18]} c5 {[%emt 0:00:00]} 2. Nf3 {[%emt 0:00:25]} e6 {[%emt 0:00:00]} 3. d4 {[%emt 0:00:10]} cxd4 {[%emt 0:00:00]} 4. Nxd4 {[%emt 0:00:07]} Nc6 {[%emt 0:00:00]} 5. Nc3 {[%emt 0:00:14]} Qc7 {[%emt 0:00:00]} 6. Be3 {[%emt 0:00:11]} a6 {[%emt 0:00:01]} 7. Qf3 {[%emt 0:00:06]} b5 {[%emt 0:04:19]} 8. O-O-O {[%emt 0:04:06]} Bb7 {[%emt 0:00:52]} 9. Nxc6 {[%emt 0:10:23]} Bxc6 {[%emt 0:08:03]} 10. Bd3 {[%emt 0:01:52]} Nf6 {[%emt 0:00:51]} 11. Bd4 {[%emt 0:10:44]} Be7 {[%emt 0:04:35]} 12. Qg3 {[%emt 0:05:22]} Qxg3 {[%emt 0:03:39]} 13. hxg3 {[%emt 0:02:08]} b4 {[%emt 0:01:21]} 14. Ne2 {[%emt 0:03:44]} Nxe4 {[%emt 0:02:06]} 15. Bxg7 {[%emt 0:02:05]} Rg8 {[%emt 0:00:07]} 16. Bd4 {[%emt 0:00:27]} e5 {[%emt 0:07:05]} 17. Bxe4 {[%emt 0:07:31]} Bxe4 {[%emt 0:00:23]} 18. Bxe5 {[%emt 0:06:32]} Rc8 {[%emt 0:00:31]} 19. Nd4 {[%emt 0:08:03]} Rg5 {[%emt 0:03:02]} 20. Bf4 {[%emt 0:08:42]} Rgc5 {[%emt 0:00:46]} 21. Rd2 {[%emt 0:04:02]} Kf8 {[%emt 0:04:50]} 22. Bh6+ {[%emt 0:04:24]} Ke8 {[%emt 0:06:48]} 23. Re1 {[%emt 0:00:45]} Bd5 {[%emt 0:02:55]} 24. Nf5 {[%emt 0:08:36]} Be6 {[%emt 0:00:21]} 25. Ng7+ {[%emt 0:00:05]} Kd8 {[%emt 0:00:06]} 26. Rxe6 {[%emt 0:00:47]} fxe6 {[%emt 0:02:49]} 27. Nxe6+ {[%emt 0:00:05]} Ke8 {[%emt 0:00:12]} 28. Nxc5 {[%emt 0:00:07]} Rxc5 {[%emt 0:00:20]} 29. Bf4 {[%emt 0:00:12]} Ra5 {[%emt 0:00:22]} 30. Re2 {[%emt 0:02:00]} Kf7 {[%emt 0:00:17]} 31. Re5 {[%emt 0:02:30]} Rxa2 {[%emt 0:00:59]} 32. Kb1 {[%emt 0:00:14]} Ra4 {[%emt 0:00:06]} 33. b3 {[%emt 0:00:28]} Ra3 {[%emt 0:00:38]} 34. Rxe7+ {[%emt 0:00:11]} Kxe7 {[%emt 0:00:10]} 35. Bd2 {[%emt 0:00:01]} a5 {[%emt 0:01:21]} 36. Bc1 {[%emt 0:00:06]} 1-0

[Event "FIDE Zonal 2.5 Open 2019"]
[Site "Montevideo"]
[Date "2019.04.18"]
[Round "8.12"]
[White "Coppola, Claudio"]
[Black "Carbone, Diego"]
[Result "1/2-1/2"]
[WhiteElo "2238"]
[BlackElo "2277"]
[Annotator "TA"]
[PlyCount "104"]
[EventDate "2019.04.13"]
[EventType "swiss"]
[EventCountry "URU"]
[SourceTitle "playchess.com"]
[Source "ChessBase"]
[SourceQuality "1"]

{[%evp 19,104,0,2,-13,0,-27,-32,-27,0,0,0,0,34,-14,-14,-14,-14,-14,-14,-14,-14,-14,-14,-14,-14,-43,-15,-15,-15,-15,-15,-15,-15,-30,0,0,0,-30,-30,-29,0,0,0,-30,-30,-30,-15,-15,-15,-15,-15,-15,-15,-15,-15,-30,-30,-30,-30,-30,-2,-30,0,-30,-2,-30,-30,-30,-30,-30,-30,-30,-30,-30,0,0,0,-30,-30,-30,-30,-30,-30,-30,-30,-30,-30]} 1. d4 Nf6 2. c4 g6 3. g3 c6 4. Bg2 d5 5. cxd5 cxd5 6. Nf3 Bg7 7. O-O O-O 8. Nc3 Ne4 9. Bf4 Nxc3 10. bxc3 Nc6 {[%cal Bb8c6,Bc6a5,Ba5c4][%mdl 32]} 11. Rb1 {D78: Fianchetto Grünfeld: 6 0-0 c6} Na5 12. Ne5 Be6 13. c4 $146 {Black is slightly better.} ({Predecessor:} 13. Qa4 Rc8 14. Rfc1 b6 15. h4 Bf5 16. Ra1 h6 17. Nd3 e6 18. Nb2 Qe7 {0-1 (75) Landa,K (2646)-Le,Q (2703) Belfort 2012}) 13... Bxe5 14. Bxe5 Nxc4 15. Rxb7 Qa5 16. a4 Nxe5 17. dxe5 Rab8 18. Qb1 Rxb7 19. Qxb7 Qxa4 20. Bxd5 Bxd5 21. Qxd5 $11 {[%mdl 4096] Endgame KQR-KQR} e6 22. Qd6 Qe4 23. Ra1 Qxe2 24. Rxa7 Qe1+ 25. Kg2 Qe4+ 26. Kg1 Qe1+ (26... Rc8 $5 {[%cal Rc8c1]} 27. Rc7 Ra8 $15) 27. Kg2 Qe4+ 28. Kg1 Rc8 29. Rc7 Qe1+ 30. Kg2 Qe4+ 31. Kg1 Ra8 {[#] ( -> ...Ra1+)} 32. Rc1 Kg7 33. Qc6 Qxc6 34. Rxc6 {KR-KR} g5 35. Rc5 Ra4 36. h3 $1 h5 37. f3 Ra3 38. Kf2 Ra2+ 39. Kg1 Ra1+ 40. Kf2 Ra2+ 41. Kg1 Kg6 42. g4 h4 43. Rb5 Kg7 44. Rc5 Re2 45. Ra5 Rc2 46. Rb5 Kf8 47. Rb8+ Kg7 48. Rb5 Rc8 {Black has an edge.} 49. Ra5 Kf8 50. Kf2 Rc2+ 51. Kg1 Rd2 52. Ra8+ Kg7 {Accuracy: White = 66%, Black = 63%.} 1/2-1/2

[Event "FIDE Zonal 2.5 Open 2019"]
[Site "Montevideo"]
[Date "2019.04.18"]
[Round "8.13"]
[White "Dotta, Gian Franco"]
[Black "Rodriguez, Santiago"]
[Result "1/2-1/2"]
[WhiteElo "1959"]
[BlackElo "2257"]
[Annotator "NA"]
[PlyCount "96"]
[EventDate "2019.04.13"]
[EventType "swiss"]
[EventCountry "URU"]
[SourceTitle "playchess.com"]
[Source "ChessBase"]
[SourceQuality "1"]
[TimeControl "40/5400+30:1800+30"]

1. e4 {[%emt 0:14:48]} d5 {[%emt 0:00:00]} 2. exd5 {[%emt 0:00:32]} Nf6 {[%emt 0:00:00]} 3. d4 {[%emt 0:00:21]} Bg4 {[%emt 0:00:00]} 4. Be2 {[%emt 0:02:36]} Bxe2 {[%emt 0:00:00]} 5. Qxe2 {[%emt 0:00:35]} Qxd5 {[%emt 0:00:07]} 6. Nf3 {[%emt 0:01:27]} e6 {[%emt 0:00:05]} 7. O-O {[%emt 0:01:46]} Nc6 {[%emt 0:00:07]} 8. Nc3 {[%emt 0:03:06]} Qh5 {[%emt 0:00:36] B01: Scandinavian Defence} 9. Ne4 {[%emt 0:02:16]} O-O-O {[%emt 0:01:38]} 10. c3 {[%emt 0:01:11]} (10. Ng3 Qd5 11. c4 Qa5 12. Bd2 Qa6 13. Bc3 h5 14. b3 Be7 15. h4 Ng4 16. Rfd1 {1-0 (30) Chigaev,M (2577)-Klepikov,N (2245) St Petersburg 2018}) 10... Nxe4 {[%emt 0:07:54]} 11. Qxe4 {[%emt 0:00:10]} Bd6 {[%emt 0:00:24]} 12. Re1 $146 {[%emt 0:06:41]} ({Predecessor:} 12. Bf4 Bxf4 13. Qxf4 h6 14. Rfe1 Rhe8 15. Ne5 Nxe5 16. Rxe5 Qg6 {½-½ (48) Kovalevskaya,S (2015)-Seymour,J (2029) Millfield 2003}) 12... h6 {[%emt 0:05:06]} 13. Bf4 {[%emt 0:01:53]} Qg4 {[%emt 0:07:31]} 14. Ne5 {[%emt 0:02:21]} Bxe5 {[%emt 0:00:38]} 15. Bxe5 {[%emt 0:02:27]} Qxe4 {[%emt 0:07:04]} 16. Rxe4 {[%emt 0:00:08]} f6 {[%emt 0:00:11]} 17. Bg3 {[%emt 0:02:43]} Rhe8 {[%emt 0:02:00]} 18. Rae1 {[%emt 0:00:19]} Kd7 {[%emt 0:01:12]} 19. d5 {[%emt 0:04:53]} exd5 {[%emt 0:00:21]} 20. Rxe8 {[%emt 0:00:09]} Rxe8 {[%emt 0:00:03]} 21. Rxe8 {[%emt 0:00:09]} Kxe8 {[%emt 0:00:04]} 22. Bxc7 {[%emt 0:00:18]} Kd7 {[%emt 0:04:20]} 23. Bf4 {[%emt 0:03:57]} d4 {[%emt 0:01:33]} 24. cxd4 {[%emt 0:02:44]} Ke6 {[%emt 0:00:21]} 25. Be3 {[%emt 0:07:27]} Kd5 {[%emt 0:00:38]} 26. Kf1 {[%emt 0:02:10]} Nb4 {[%emt 0:00:26]} 27. a3 {[%emt 0:01:46]} Nc6 {[%emt 0:16:32]} 28. Ke2 {[%emt 0:01:52]} Nxd4+ {[%emt 0:00:05]} 29. Kd3 {[%emt 0:02:12]} Nc6 {[%emt 0:00:04]} 30. Kc3 {[%emt 0:01:19]} b6 {[%emt 0:03:38]} 31. Bf4 {[%emt 0:04:20]} g5 {[%emt 0:02:56]} 32. Bd2 {[%emt 0:04:20]} f5 {[%emt 0:01:17]} 33. h4 {[%emt 0:01:02]} f4 {[%emt 0:00:24]} 34. hxg5 {[%emt 0:06:25]} hxg5 {[%emt 0:00:02]} 35. g3 {[%emt 0:01:11]} Ke4 {[%emt 0:01:32]} 36. gxf4 {[%emt 0:00:14]} gxf4 {[%emt 0:00:01]} 37. Kc4 {[%emt 0:05:12]} (37. a4 $11) 37... a6 {[%emt 0:13:45]} 38. f3+ {[%emt 0:00:44]} Kxf3 {[%emt 0:00:59]} 39. Kd5 {[%emt 0:01:41]} Na5 {[%emt 0:02:42]} 40. b4 {[%emt 0:03:50]} Nb3 {[%emt 0:01:22] [#]} 41. Bxf4 $1 {[%emt 0:30:16]} Kxf4 {[%emt 0:30:51]} 42. Kc6 {[%emt 0:00:07]} b5 {[%emt 0:06:50]} 43. Kb6 {[%emt 0:00:19]} Ke4 {[%emt 0:00:15]} 44. Kxa6 {[%emt 0:00:13]} Nd4 {[%emt 0:00:09]} 45. Ka5 {[%emt 0:00:07]} Kd5 {[%emt 0:00:59]} (45... Kd3 $5 46. a4 $8 bxa4 47. Kxa4 Nf5 $11) 46. a4 {[%emt 0:00:19]} bxa4 $11 {[%emt 0:00:24]} 47. Kxa4 {[%emt 0:00:10]} Kc4 {[%emt 0:00:13]} 48. b5 {[%emt 0:00:11]} Nxb5 {[%emt 0:00:06]} 1/2-1/2

[Event "FIDE Zonal 2.5 Open 2019"]
[Site "Montevideo"]
[Date "2019.04.18"]
[Round "8.14"]
[White "Carvalho, Guillermo"]
[Black "Viera, Emilio"]
[Result "1/2-1/2"]
[WhiteElo "2194"]
[BlackElo "2138"]
[Annotator "NA"]
[PlyCount "36"]
[EventDate "2019.04.13"]
[EventType "swiss"]
[EventCountry "URU"]
[SourceTitle "playchess.com"]
[Source "ChessBase"]
[SourceQuality "1"]
[TimeControl "40/5400+30:1800+30"]

1. Nf3 {[%emt 0:00:00]} e6 {[%emt 0:00:11]} 2. g3 {[%emt 0:00:00]} f5 {[%emt 0:00:05]} 3. Bg2 {[%emt 0:00:00]} Nf6 {[%emt 0:00:04]} 4. O-O {[%emt 0:00:48]} d5 {[%emt 0:00:17]} 5. c4 {[%emt 0:00:38]} c6 {[%emt 0:01:02]} 6. d3 {[%emt 0:00:51]} dxc4 {[%emt 0:01:25]} 7. dxc4 {[%emt 0:00:16]} Qxd1 {[%emt 0:00:06]} 8. Rxd1 {[%emt 0:00:05]} Nbd7 {[%emt 0:00:05]} 9. Nd4 {[%emt 0:15:44]} Kf7 {[%emt 0:07:57]} 10. Nc3 {[%emt 0:13:30]} Bc5 {[%emt 0:06:23]} 11. Nb3 {[%emt 0:06:18]} Bb6 {[%emt 0:09:26]} 12. Na4 {[%emt 0:03:45]} Bc7 {[%emt 0:04:08]} 13. Bd2 {[%emt 0:03:47]} Nb6 {[%emt 0:11:31]} 14. Nxb6 {[%emt 0:01:29]} axb6 {[%emt 0:00:23]} 15. Bc3 {[%emt 0:11:01]} e5 {[%emt 0:04:09]} 16. e4 {[%emt 0:05:37]} Nxe4 {[%emt 0:18:57]} 17. Bxe4 {[%emt 0:00:07]} fxe4 {[%emt 0:00:02]} 18. Re1 {[%emt 0:00:13]} Bf5 {[%emt 0:02:11]} 1/2-1/2

[Event "FIDE Zonal 2.5 Open 2019"]
[Site "Montevideo"]
[Date "2019.04.18"]
[Round "8.15"]
[White "El Ters, Antouan"]
[Black "Suarez, Pedro"]
[Result "0-1"]
[WhiteElo "2181"]
[BlackElo "2019"]
[Annotator "NA RC"]
[PlyCount "110"]
[EventDate "2019.04.13"]
[EventType "swiss"]
[EventCountry "URU"]
[SourceTitle "playchess.com"]
[Source "ChessBase"]
[SourceQuality "1"]
[TimeControl "40/5400+30:1800+30"]

1. e4 {[%emt 0:00:00]} d6 {[%emt 0:00:00]} 2. Nf3 {[%emt 0:00:00]} Nf6 {[%emt 0:00:00]} 3. Nc3 {[%emt 0:00:00]} e5 {[%emt 0:00:11]} 4. d4 {[%emt 0:00:39]} Nbd7 {[%emt 0:00:13]} 5. Bc4 {[%emt 0:01:19]} Be7 {[%emt 0:00:14]} 6. dxe5 {[%emt 0:00:43]} dxe5 {[%emt 0:01:06]} 7. Qe2 {[%emt 0:01:42]} O-O {[%emt 0:00:19]} 8. Bg5 {[%emt 0:00:42]} c6 {[%emt 0:03:35]} 9. a4 {[%emt 0:00:39] C41: Philidor Defence} (9. O-O Qc7 10. a4 h6 11. Bd2 Nc5 12. h3 Ne6 13. Be3 Bb4 14. Bd3 Re8 15. Nb1 Nc5 16. Bxc5 Bxc5 {0-1 (36) Nielsen,K (2094)-Semcesen,D (2466) Copenhagen 2015}) 9... h6 $146 {[%emt 0:11:03]} ({Predecessor:} 9... Nh5 10. Be3 Qc7 11. O-O-O a6 12. g4 Nf4 13. Bxf4 exf4 14. e5 Nc5 15. Rdg1 b5 16. Ba2 Be6 17. Bxe6 Nxe6 {½-½ (48) Beutel,H (1913)-Reichstein,H (2096) Bayerisch Eisenstein 2016}) 10. Bd2 {[%emt 0:01:25]} Bc5 {[%emt 0:08:15]} 11. Nd1 {[%emt 0:04:52]} Qe7 {[%emt 0:13:36]} 12. Nh4 {[%emt 0:00:34]} Nb6 {[%emt 0:04:54]} 13. Ng6 {[%emt 0:01:23]} Qc7 {[%emt 0:02:13]} 14. Nxf8 {[%emt 0:01:10]} Nxc4 {[%emt 0:00:13]} 15. Qxc4 {[%emt 0:00:58]} Bxf8 {[%emt 0:00:03]} 16. O-O {[%emt 0:01:22]} Be6 {[%emt 0:01:01]} 17. Qe2 {[%emt 0:00:55]} Rd8 {[%emt 0:03:26]} 18. b3 {[%emt 0:03:01]} Nxe4 {[%emt 0:01:21]} 19. Bxh6 {[%emt 0:11:39]} Bf5 {[%emt 0:04:39]} 20. Be3 {[%emt 0:01:04]} a5 {[%emt 0:09:02]} 21. f3 {[%emt 0:01:05]} Nc5 {[%emt 0:05:05]} 22. Qf2 {[%emt 0:02:26]} b6 {[%emt 0:08:03]} 23. Nc3 {[%emt 0:01:20]} Rb8 {[%emt 0:05:33]} 24. Rad1 {[%emt 0:07:28]} Ne6 {[%emt 0:03:18]} 25. Kh1 {[%emt 0:01:23]} Bg6 {[%emt 0:01:20]} 26. Ne4 {[%emt 0:02:51]} Be7 {[%emt 0:02:02]} 27. Qg3 {[%emt 0:09:09]} b5 {[%emt 0:02:00]} 28. c3 {[%emt 0:04:19]} Bh7 {[%emt 0:03:52]} 29. Rd2 {[%emt 0:12:58]} bxa4 {[%emt 0:02:53]} 30. bxa4 {[%emt 0:00:13]} Bxe4 {[%emt 0:00:28]} 31. fxe4 {[%emt 0:00:17]} Bc5 {[%emt 0:00:36]} 32. h3 {[%emt 0:04:00]} Bxe3 {[%emt 0:02:17]} 33. Qxe3 {[%emt 0:00:10]} Qb6 {[%emt 0:00:37]} 34. Qg3 {[%emt 0:02:45]} Qc7 {[%emt 0:00:57]} 35. Rfd1 {[%emt 0:01:17]} Nc5 {[%emt 0:00:18]} 36. Qg5 {[%emt 0:02:33]} Rf8 {[%emt 0:01:39]} 37. Qe3 {[%emt 0:02:24]} Qe7 {[%emt 0:00:16]} 38. Rd6 {[%emt 0:01:51]} Nxa4 {[%emt 0:01:00]} 39. Rxc6 {[%emt 0:01:26]} Qb7 {[%emt 0:00:09]} 40. Rcd6 {[%emt 0:03:00]} Qc7 {[%emt 0:00:31]} 41. Qd2 {[%emt 0:12:55]} Qxc3 {[%emt 0:00:52]} 42. Qd5 {[%emt 0:04:10]} Qc5 {[%emt 0:01:33]} 43. Ra1 {[%emt 0:01:23]} (43. Rc6 $142 Qb4 44. Ra1) 43... Qxd5 {[%emt 0:04:48]} 44. exd5 {[%emt 0:02:49]} Nc5 {[%emt 0:00:09]} 45. Rc6 {[%emt 0:01:33]} Nb3 {[%emt 0:00:09]} 46. Ra3 $18 {[%emt 0:00:49]} Nd4 {[%emt 0:01:03]} 47. Rc5 {[%emt 0:00:30]} Rd8 48. Rcxa5 {[%emt 0:00:37]} Rd6 {[%emt 0:01:00]} 49. Ra8+ {[%emt 0:01:29]} Kh7 {[%emt 0:00:02]} 50. R3a5 {[%emt 0:00:31]} Nb3 {[%emt 0:00:21]} 51. Rb5 {[%emt 0:01:30]} Nd4 {[%emt 0:00:03]} 52. Rc5 {[%emt 0:00:29]} Nb3 {[%emt 0:00:34]} 53. Rc3 {[%emt 0:00:22]} Nd4 {[%emt 0:00:13]} 54. Ra5 {[%emt 0:00:11]} Kg6 {[%emt 0:00:13]} 55. Kg1 {[%emt 0:01:12]} Ne2+ {[%emt 0:00:01]} 0-1

[Event "FIDE Zonal 2.5 Open 2019"]
[Site "Montevideo"]
[Date "2019.04.18"]
[Round "8.16"]
[White "Pichuaga, Juan Pablo"]
[Black "Jodorcovsky Werjivker, Paulo"]
[Result "1/2-1/2"]
[WhiteElo "2021"]
[BlackElo "2257"]
[Annotator "TA"]
[PlyCount "87"]
[EventDate "2019.04.13"]
[EventType "swiss"]
[EventCountry "URU"]
[SourceTitle "playchess.com"]
[Source "ChessBase"]
[SourceQuality "1"]

{[%evp 18,87,-11,-50,-46,-58,-67,-55,-42,-40,-3,-79,-89,-95,-77,-97,-97,-98,-99,-104,-90,-100,-93,-114,-96,-110,-116,-110,-94,-85,-70,-68,-65,-111,-36,-31,-37,-41,-23,-23,-26,-26,-24,-56,-14,-34,-8,-8,-8,-8,-9,-14,-10,-25,-25,-24,-20,-39,-22,-20,-19,-22,0,0,13,0,17,0,0,0,0,0]} 1. e4 c5 2. Nc3 Nc6 3. g3 g6 4. Bg2 Bg7 5. d3 d6 6. f4 e6 7. Nf3 Nge7 8. O-O O-O 9. Be3 b6 10. Qd2 d5 {B25: Closed Sicilian: 3 g3, lines without early Be3} 11. exd5 (11. Bf2 dxe4 12. dxe4 Qxd2 13. Nxd2 Ba6 14. Rfe1 Rad8 15. Nf1 e5 16. Rad1 Nd4 17. Rd2 Rfe8 18. Kh1 exf4 19. gxf4 {½-½ (50) Pridorozhni,A (2574)-Predke,A (2579) Khanty-Mansiysk 2016}) 11... exd5 {[#] ...d4 is the strong threat.} 12. Bf2 Bg4 {Black is slightly better.} 13. Rae1 $146 ({Predecessor:} 13. Rfe1 Bxf3 14. Bxf3 Qd7 15. Rab1 Rae8 16. Kh1 h5 17. Bg1 Nd4 18. Bxd4 cxd4 {½-½ (42) Avtsynov,A (2021)-Provkin,V (2200) Voronezh 2012}) 13... Qd7 14. Kh1 (14. Ne5 $11 Nxe5 15. fxe5) 14... d4 $17 15. Ne4 Bh3 16. Bg1 Bxg2+ 17. Qxg2 Rae8 18. a3 f5 19. Ned2 Nd5 20. Nc4 b5 21. Nce5 Nxe5 22. Nxe5 Bxe5 23. fxe5 b4 24. axb4 Nxb4 25. h4 Qc6 (25... Rf7 $17 26. Re2 Rfe7) 26. Qxc6 $15 Nxc6 27. c3 Rf7 28. cxd4 cxd4 29. Rf4 Rd7 30. Kg2 Re6 ({But not} 30... Nxe5 31. Rxd4 Rde7 32. Rd6 $11) 31. Rc1 Rd5 32. Rc4 Rdxe5 33. Bxd4 {[#] Hoping for Rxc6.} Rd5 34. Bc3 Rxd3 35. Rf3 Rxf3 36. Kxf3 $11 {[%mdl 4096] Endgame KRB-KRN} Kf7 37. Ra4 Rd6 38. g4 {The position is equal.} fxg4+ 39. Kxg4 h5+ 40. Kg5 Kg8 41. Ra1 Kh7 42. Re1 Rd5+ 43. Kf4 Rf5+ 44. Kg3 {Accuracy: White = 45%, Black = 49%.} 1/2-1/2

[Event "FIDE Zonal 2.5 Open 2019"]
[Site "Montevideo"]
[Date "2019.04.18"]
[Round "8.17"]
[White "Kropff, Ricardo"]
[Black "Lanzilotta, Marcelo"]
[Result "1-0"]
[WhiteElo "2220"]
[BlackElo "1972"]
[Annotator "NA"]
[PlyCount "83"]
[EventDate "2019.04.13"]
[EventType "swiss"]
[EventCountry "URU"]
[SourceTitle "playchess.com"]
[Source "ChessBase"]
[SourceQuality "1"]
[TimeControl "40/5400+30:1800+30"]

1. e4 {[%emt 0:00:00]} c5 {[%emt 0:11:08]} 2. Nf3 {[%emt 0:00:08]} Nc6 {[%emt 0:00:25]} 3. Bb5 {[%emt 0:00:30]} e6 {[%emt 0:01:11]} 4. Bxc6 {[%emt 0:00:59]} bxc6 {[%emt 0:04:52]} 5. d3 {[%emt 0:00:37]} d5 {[%emt 0:00:22]} 6. Qe2 {[%emt 0:02:05]} Ba6 {[%emt 0:01:02] B30: Sicilian: 2...Nc6 3 Bb5, lines without ...g6} (6... Ne7 7. O-O Ng6 8. c4 Bd6 9. e5 Bc7 10. Nc3 O-O 11. Bg5 f6 12. exf6 gxf6 13. Bh6 Re8 14. Na4 {0-1 (42) Shyam,S (2484)-Kuzubov,Y (2701) Al Ain 2014}) 7. c4 {[%emt 0:00:34]} Ne7 {[%emt 0:08:26]} 8. e5 $146 {[%emt 0:01:21]} ({Predecessor:} 8. Nc3 d4 9. Nb1 Ng6 10. e5 Qc7 11. h4 h5 12. Bg5 Be7 13. Bxe7 Nxe7 14. Nbd2 {1-0 (53) Mueller,C (2085)-Heide,G Schwanstetten 1994}) 8... Nf5 {[%emt 0:01:18]} 9. O-O {[%emt 0:01:53]} Rb8 {[%emt 0:00:28]} 10. b3 {[%emt 0:03:54]} Be7 {[%emt 0:00:42]} 11. Nc3 {[%emt 0:02:31]} O-O {[%emt 0:01:31]} 12. Ba3 {[%emt 0:01:42]} Qa5 {[%emt 0:00:49]} 13. Na4 {[%emt 0:00:33]} Rfe8 {[%emt 0:02:21]} 14. Qe1 {[%emt 0:07:10]} Qxe1 {[%emt 0:01:49]} 15. Rfxe1 {[%emt 0:00:49]} Nd4 {[%emt 0:00:09]} 16. Rac1 {[%emt 0:01:41]} Bc8 {[%emt 0:18:32]} 17. Bxc5 {[%emt 0:01:28]} Nxf3+ {[%emt 0:00:04]} 18. gxf3 {[%emt 0:00:05]} f6 {[%emt 0:03:52]} 19. Bxa7 {[%emt 0:02:41]} Ra8 {[%emt 0:00:21]} 20. Bd4 {[%emt 0:01:03]} fxe5 {[%emt 0:06:19]} 21. Bxe5 {[%emt 0:01:04]} Rf8 {[%emt 0:00:08]} 22. Kg2 {[%emt 0:04:23]} Bb7 {[%emt 0:06:04]} 23. cxd5 {[%emt 0:02:04]} c5 {[%emt 0:01:26]} 24. d6 {[%emt 0:04:45]} Bd8 {[%emt 0:08:30]} 25. Nxc5 {[%emt 0:01:53]} Bxf3+ {[%emt 0:00:02]} 26. Kg1 {[%emt 0:00:58]} Bd5 {[%emt 0:07:31]} 27. Rc2 {[%emt 0:02:58]} Rf5 {[%emt 0:00:52]} 28. Bg3 {[%emt 0:03:22]} Bf6 {[%emt 0:06:56]} 29. Nxe6 {[%emt 0:06:10]} Re8 {[%emt 0:03:45]} 30. Rce2 {[%emt 0:02:45]} h5 {[%emt 0:02:12]} (30... Bxe6 $142 31. Rxe6 Rxe6 32. Rxe6 Kf7) 31. d7 {[%emt 0:02:46]} Rxe6 {[%emt 0:00:02]} 32. Rxe6 {[%emt 0:00:09]} Bxe6 {[%emt 0:00:08]} 33. Rxe6 {[%emt 0:00:10]} Rd5 {[%emt 0:00:09]} 34. Rd6 {[%emt 0:04:25]} Rxd6 {[%emt 0:00:04]} 35. Bxd6 {[%emt 0:00:07]} Bd8 {[%emt 0:00:05]} 36. d4 {[%emt 0:00:24]} Kf7 {[%emt 0:00:02]} 37. d5 {[%emt 0:00:20]} g5 {[%emt 0:02:49]} 38. h3 {[%emt 0:00:55]} g4 {[%emt 0:00:09]} 39. hxg4 {[%emt 0:00:04]} hxg4 {[%emt 0:00:10]} 40. Kg2 {[%emt 0:00:04]} Kg6 {[%emt 0:00:01]} 41. f3 {[%emt 0:30:52]} Kf5 {[%emt 0:30:10]} 42. b4 1-0

[Event "FIDE Zonal 2.5 Open 2019"]
[Site "Montevideo"]
[Date "2019.04.18"]
[Round "8.18"]
[White "Belmes, Martin"]
[Black "Curia, Santiago Jose"]
[Result "1-0"]
[WhiteElo "2081"]
[BlackElo "1989"]
[Annotator "NA"]
[PlyCount "55"]
[EventDate "2019.04.13"]
[EventType "swiss"]
[EventCountry "URU"]
[SourceTitle "playchess.com"]
[Source "ChessBase"]
[SourceQuality "1"]
[TimeControl "40/5400+30:1800+30"]

1. e4 {[%emt 0:00:28]} e5 {[%emt 0:01:35]} 2. Nf3 {[%emt 0:00:08]} Nf6 {[%emt 0:00:04]} 3. Nc3 {[%emt 0:01:04]} Nc6 {[%emt 0:00:11]} 4. Bb5 {[%emt 0:00:09]} Bc5 {[%emt 0:03:08]} 5. O-O {[%emt 0:00:16]} d6 {[%emt 0:02:49]} 6. h3 {[%emt 0:01:24]} Bd7 {[%emt 0:14:57]} 7. a3 {[%emt 0:03:04]} h6 {[%emt 0:08:56]} 8. d3 {[%emt 0:00:28]} g5 {[%emt 0:00:37]} 9. Nh2 {[%emt 0:05:00]} g4 {[%emt 0:06:29]} 10. hxg4 {[%emt 0:01:03]} Rg8 {[%emt 0:00:04]} 11. Nd5 {[%emt 0:12:56]} Nxg4 {[%emt 0:02:50]} 12. Qf3 {[%emt 0:00:51]} Nxh2 {[%emt 0:22:39]} 13. Nf6+ {[%emt 0:00:43]} Kf8 {[%emt 0:00:48]} 14. Kxh2 {[%emt 0:36:03]} Rg6 {[%emt 0:00:17]} 15. Nxd7+ {[%emt 0:00:04]} Qxd7 {[%emt 0:00:06]} 16. Bxc6 {[%emt 0:00:36]} Qxc6 {[%emt 0:00:39]} 17. c3 {[%emt 0:00:00]} Ke7 {[%emt 0:01:45]} 18. Be3 {[%emt 0:00:13]} Qb6 {[%emt 0:00:07]} 19. b4 {[%emt 0:00:26]} Bxe3 {[%emt 0:00:18]} 20. fxe3 {[%emt 0:00:03]} f6 {[%emt 0:00:14]} 21. Rad1 {[%emt 0:00:28]} Rag8 {[%emt 0:00:08]} 22. Rf2 {[%emt 0:01:30]} Qc6 {[%emt 0:00:09]} 23. d4 {[%emt 0:00:18]} Qa6 {[%emt 0:01:47]} 24. dxe5 {[%emt 0:01:11]} dxe5 {[%emt 0:07:03]} 25. Qf5 {[%emt 0:00:29]} Qxa3 {[%emt 0:00:05]} 26. Rd5 {[%emt 0:00:05]} Qa4 {[%emt 0:00:25]} 27. Rfd2 {[%emt 0:00:15]} Qc6 {[%emt 0:01:39]} 28. Rd8 {[%emt 0:00:32] Kf8 [%clk 0:24:06] R2d7# [%clk 0:34:34] Kg7 [%clk 0:24:34] Qxg6+ [%clk 0:34:44] Kh8} 1-0